书目信息 |
| 题名: |
富爸爸房地产投资指南
|
|
| 作者: | 清崎 著 ;宋宏宇 译 | |
| 分册: | ||
| 出版信息: | 成都 四川人民出版社 2017.10 |
|
| 页数: | 423页 | |
| 开本: | 24cm | |
| 丛书名: | 富爸爸财商教育系列 | |
| 单 册: | ||
| 中图分类: | F293.353 | |
| 科图分类: | ||
| 主题词: | 房地产投资--fang di chan tou zi--通俗读物 | |
| 电子资源: | ||
| ISBN: | 978-7-220-10617-0 | |
| 000 | 01274nam 2200313 450 | |
| 001 | CAL 0120172328871 | |
| 005 | 20181203155952.85 | |
| 010 | @a978-7-220-10617-0@dCNY 68.00 | |
| 010 | @a978-7-220-10366-7@dCNY68.00 | |
| 100 | @a20171201d2017 em y0chiy50 ea | |
| 101 | 1 | @achi@ceng |
| 102 | @aCN@b510000 | |
| 105 | @ak z 000yy | |
| 200 | 1 | @a富爸爸房地产投资指南@Afu ba ba fang di chan tou zi zhi nan@f(美) 罗伯特·清崎著@g宋宏宇译 |
| 210 | @a成都@c四川人民出版社@d2017.10 | |
| 215 | @a423页@d24cm | |
| 225 | 2 | @a富爸爸财商教育系列@Afu ba ba cai shang jiao yu xi lie |
| 312 | @a英文题名取自封底 | |
| 314 | @a罗伯特·清崎, 是畅销理财书《富爸爸穷爸爸》的作者。 | |
| 330 | @a本书以富爸爸迷们都知道清崎是靠聪明的房地产投资赚到人生第一桶金的, 直到现在, 他的房地产王国还在24小时不停地为他工作。但是他是如何做到这一点的呢? 进行房地产投资需要什么条件? 又应该注意什么问题呢? 答案就在本书里。 | |
| 410 | 0 | @12001 @a富爸爸财商教育系列 |
| 500 | 10 | @aReal book of real estate@mChinese |
| 606 | 0 | @a房地产投资@Afang di chan tou zi@j通俗读物 |
| 690 | @aF293.353@v5 | |
| 701 | 1 | @a清崎@Aqing qi@g(Kiyosaki, Robert T.)@4著 |
| 702 | 0 | @a宋宏宇@Asong hong yu@4译 |
| 801 | 0 | @aCN@b人天书店@c20171201 |
| 905 | @aBZT@dF293.353@e1 | |
| 906 | @dCNY1277.80 (29册@n3@r1 | |
| 富爸爸房地产投资指南/(美) 罗伯特·清崎著/宋宏宇译.-成都:四川人民出版社,2017.10 |
| 423页;24cm.-(富爸爸财商教育系列) |
| ISBN 978-7-220-10617-0:CNY 68.00 |
| 本书以富爸爸迷们都知道清崎是靠聪明的房地产投资赚到人生第一桶金的, 直到现在, 他的房地产王国还在24小时不停地为他工作。但是他是如何做到这一点的呢? 进行房地产投资需要什么条件? 又应该注意什么问题呢? 答案就在本书里。 |
| ● |
| 相关链接 |
|
|
|
正题名:富爸爸房地产投资指南
索取号:F293.353/1
 
预约/预借
| 序号 | 登录号 | 条形码 | 馆藏地/架位号 | 状态 | 备注 |
| 1 | 849738 | 2000849738 | 第二书库/ [索取号:F293.353/1] | 在馆 | |
| 2 | 849739 | 2000849739 | 第二书库/ [索取号:F293.353/1] |
已借出,限还日期为2026.05.11 借出人:李多 |
|
| 3 | 849740 | 2000849740 | 第二书库/ [索取号:F293.353/1] | 在馆 |